Normal view
MARC view
- Nuclear disarmament
Entry Topical Term
001 - CONTROL NUMBER
- control field: 10363
003 - CONTROL NUMBER IDENTIFIER
- control field: NUST
005 - DATE AND TIME OF LATEST TRANSACTION
- control field: 20180521053924.0
008 - FIXED-LENGTH DATA ELEMENTS
- fixed length control field: 180521|| aca||aabn | a|a d
040 ## - CATALOGING SOURCE
- Original cataloging agency: NUST
- Transcribing agency: NUST
150 ## - HEADING--TOPICAL TERM
- Topical term or geographic name entry element: Nuclear disarmament
- Geographic subdivision: South Asia.
670 ## - SOURCE DATA FOUND
- Source citation: Work cat.: (NUST)0: Pressler, Larry, 1942- author. 10362, Neighbours in arms :
